Komparácia zabezpečovania vybranej služby miestnej samosprávy v SR a ČR bakalárska práca

Guardado en:
Detalles Bibliográficos
Autor principal: Štefka, Mário
Autor Corporativo: Národohospodárska fakulta EU. Katedra verejnej správy a regionálneho rozvoja
Otros Autores: Vámošová Potengová, Monika
Formato: Libro
Lenguaje:eslovaco
Publicado: Bratislava 2018
Etiquetas: Agregar Etiqueta
Sin Etiquetas, Sea el primero en etiquetar este registro!

MARC

LEADER 00000nbm a2200000 4500
001 0245984
005 20181214131118.5
041 0 |a slo 
044 |a SK 
245 1 0 |a Komparácia zabezpečovania vybranej služby miestnej samosprávy v SR a ČR  |b bakalárska práca  |c Mário Štefka ; školiteľ: Monika Vámošová 
264 1 |a Bratislava  |c 2018 
300 |a 37 s. 
100 1 |a Štefka, Mário 
700 1 |a Vámošová Potengová, Monika 
710 2 |a Národohospodárska fakulta EU. Katedra verejnej správy a regionálneho rozvoja